[Event "GABIJ"]
[Site "SchemingMind.com"]
[Date "2022.01.09"]
[Round "-"]
[White "Kenny Elliott"]
[Black "Derek Price"]
[Result "0-1"]
[WhiteCountry "USA"]
[BlackCountry "ENG"]
[WhiteElo "1512"]
[WhiteRD "71"]
[BlackElo "2255"]
[BlackRD "69"]
[GameID "719333"]

1. d4 d5 2. c4 c6 3. Nf3 Nf6 4. Nc3 e6 5. Bg5 h6 6. Bh4 dxc4 7. e4 g5 8. Bg3 b5 9. Be2 Bb7 10. O-O Nbd7
11. e5 Nd5 12. Nxd5 cxd5 13. b3 Bg7 14. bxc4 dxc4 15. Nd2 c3 16. Nb3 b4 17. f4 a5 18. Bb5 O-O 19. Bxd7 Qxd7 20. Nc5 Qd5
21. Nxb7 Qxb7 22. fxg5 hxg5 23. Qh5 a4 24. Qxg5 b3 25. axb3 axb3 26. Rxa8 Rxa8 27. Rf3 b2 28. Bf4 b1=Q+ 29. Bc1 Q7e4 30. Rg3 Qe1#
0-1

[Event "GABIJ"]
[Site "SchemingMind.com"]
[Date "2022.01.09"]
[Round "-"]
[White "Geoffrey Rosser"]
[Black "Kenny Elliott"]
[Result "1-0"]
[WhiteCountry "ENG"]
[BlackCountry "USA"]
[WhiteElo "1849"]
[WhiteRD "63"]
[BlackElo "1541"]
[BlackRD "67"]
[GameID "719334"]

1. e4 c5 2. c3 e5 3. Nf3 Nf6 4. Bd3 Be7 5. Bc2 O-O 6. Nxe5 d6 7. Nc4 Be6 8. Ne3 Nc6 9. O-O d5 10. exd5 Nxd5
11. d4 Nxe3 12. fxe3 cxd4 13. exd4 Bd5 14. Nd2 Re8 15. c4 Bxc4 16. Nxc4 Nxd4 17. Bxh7+ Kf8 18. Qh5 f6 19. Bg6 Qc7 20. Qh8#
1-0

[Event "GABIJ"]
[Site "SchemingMind.com"]
[Date "2022.01.09"]
[Round "-"]
[White "aperturaf"]
[Black "Kenny Elliott"]
[Result "1-0"]
[WhiteCountry "ESP"]
[BlackCountry "USA"]
[WhiteElo "2383"]
[WhiteRD "89"]
[BlackElo "1515"]
[BlackRD "74"]
[GameID "719335"]

1. e4 c5 2. Nf3 d6 3. d4 cxd4 4. Qxd4 Nc6 5. Bb5 Bd7 6. Bxc6 Bxc6 7. Nc3 e5 8. Qd3 Nf6 9. Bg5 Be7 10. O-O-O O-O
11. Bxf6 Bxf6 12. Qxd6 Qxd6 13. Rxd6 a5 14. Nd5 Bxd5 15. Rxd5 Rfe8 16. Rb5 Reb8 17. Rd1 a4 18. Rd7 b6 19. a3 h5 20. Nxe5 Bxe5
21. Rxe5 g6 22. Rb5 Ra6 23. f4 Re8 24. e5 Kg7 25. Rb7 Re6 26. Rd5 Ra8 27. Rdd7 Rf8 28. h4 b5 29. Rxb5 Kh6 30. Rbb7 Kg7
31. Ra7 Rc6 32. Rxa4 Rfc8 33. c3 R6c7 34. Ra7 Rxa7 35. Rxa7 Rc4 36. g3 Re4 37. Kd2
1-0

[Event "GABIJ"]
[Site "SchemingMind.com"]
[Date "2022.01.09"]
[Round "-"]
[White "Phillip Beckett"]
[Black "Kenny Elliott"]
[Result "1-0"]
[WhiteCountry "ENG"]
[BlackCountry "USA"]
[WhiteElo "1488"]
[WhiteRD "55"]
[BlackElo "1541"]
[BlackRD "67"]
[GameID "719336"]

1. d4 d5 2. e3 Nf6 3. Bd3 Nc6 4. f4 Bg4 5. Nf3 Bxf3 6. Qxf3 e6 7. c3 Qd7 8. O-O O-O-O 9. Nd2 Bd6 10. e4 h5
11. e5 Ne8 12. f5 Bf8 13. f6 g6 14. b4 Bxb4 15. cxb4 Nxb4 16. Bb1 Nc6 17. Nb3 b6 18. Bd3 h4 19. a4 a5 20. Ba3 Nb8
21. Rfb1 Nc6 22. Ba6+ Kb8 23. Bb5 Kb7 24. Bxc6+ Qxc6 25. Nxa5+
1-0

[Event "GABIJ"]
[Site "SchemingMind.com"]
[Date "2022.01.09"]
[Round "-"]
[White "ray winteringham"]
[Black "Kenny Elliott"]
[Result "0-1"]
[WhiteCountry "ENG"]
[BlackCountry "USA"]
[WhiteElo "1457"]
[WhiteRD "49"]
[BlackElo "1541"]
[BlackRD "67"]
[GameID "719337"]

1. e4 c5 2. Bc4 d6 3. h3 Nf6 4. d3 e5 5. Nf3 h6 6. Nc3 Nc6 7. a3 a6 8. Be3 Be7 9. Qe2 O-O 10. O-O-O Qa5
11. Nd2 Nd4 12. Bxd4 cxd4 13. Nb3 Qc7 14. Na2 b5 15. Bd5 Nxd5 16. exd5 a5 17. Kb1 a4 18. Nd2 Bb7 19. Nb4 f5 20. g4 Bg5
21. Nf3 Bf4 22. Nh4 Qf7 23. f3 Bxd5 24. Ng6 Ba2+ 25. Nxa2 Qxg6 26. Nb4 fxg4 27. hxg4 Qe6 28. Nc6 d5 29. Nb4 Bg5 30. Rdf1 Be7
31. f4 Bxb4 32. axb4 Qe7 33. f5 Qxb4 34. Qxe5 Rfd8 35. Qf4 a3 36. b3 Qc3 37. Kc1 Rdc8 38. Rh2 a2
0-1

[Event "GABIJ"]
[Site "SchemingMind.com"]
[Date "2022.01.09"]
[Round "-"]
[White "JAHI"]
[Black "Kenny Elliott"]
[Result "1-0"]
[WhiteCountry "INT"]
[BlackCountry "USA"]
[WhiteElo "2023"]
[WhiteRD "68"]
[BlackElo "1541"]
[BlackRD "67"]
[GameID "719338"]

1. c3 e5 2. c4 Bc5 3. Nc3 Nf6 4. d3 O-O 5. g3 Ng4 6. e3 Nxf2 7. Kxf2 Qf6+ 8. Nf3 d6 9. Bg2 Bg4 10. h3 Bh5
11. Rf1 c6 12. Ne4 Qg6 13. g4 Bxg4 14. hxg4 Qxg4 15. Rh1 f5 16. Nxc5 dxc5 17. Nxe5 Qxd1 18. Rxd1 Re8 19. d4
1-0

[Event "GABIJ"]
[Site "SchemingMind.com"]
[Date "2022.01.09"]
[Round "-"]
[White "Kenny Elliott"]
[Black "Xuvmok"]
[Result "0-1"]
[WhiteCountry "USA"]
[BlackCountry "SWE"]
[WhiteElo "1512"]
[WhiteRD "71"]
[BlackElo "2184"]
[BlackRD "63"]
[GameID "719339"]

1. d4 d5 2. Nf3 Nf6 3. Nc3 e6 4. Bg5 Be7 5. e3 O-O 6. Bd3 h6 7. Bh4 c5 8. Be2 Nc6 9. O-O cxd4 10. exd4 g5
11. Bg3 Ne4 12. Nxe4 dxe4 13. Ne1 f5 14. Be5 Nxe5 15. dxe5 Qa5 16. f4 Rd8 17. Qc1 Rd2 18. Bh5 Bc5+ 19. Kh1 Be3 20. fxg5 Qc5
21. Qxd2 Bxd2 22. gxh6 Qb5 23. Rf2 Qxb2 24. Rxd2 Qxa1 25. Rd8+ Kh7 26. Bd1 Qc3 27. h3 Qxe1+ 28. Kh2 Qa5 29. Rd3 exd3 30. cxd3 Qxe5+
0-1

[Event "GABIJ"]
[Site "SchemingMind.com"]
[Date "2022.01.08"]
[Round "-"]
[White "Phillip Beckett"]
[Black "Derek Price"]
[Result "0-1"]
[WhiteCountry "ENG"]
[BlackCountry "ENG"]
[WhiteElo "1430"]
[WhiteRD "55"]
[BlackElo "2255"]
[BlackRD "69"]
[GameID "719341"]

1. d4 d5 2. e3 Nf6 3. Bd3 e6 4. Nd2 Be7 5. f4 b6 6. Ngf3 Bb7 7. O-O O-O 8. Ne5 Ne4 9. Qf3 f6 10. Ng4 Nxd2
11. Bxd2 Nd7 12. Qh3 f5 13. Ne5 Nxe5 14. fxe5 g6 15. Rf3 h5 16. Rg3 Kf7 17. Rf3 Kg7 18. Rg3 Bh4 19. Rf3 g5 20. g3 g4
21. Qxh4 Qxh4 22. gxh4 gxf3 23. Kf2 a5 24. Kxf3 Ba6 25. Bxa6 Rxa6 26. Kf4 Kf7 27. Rg1 Rg8 28. Rxg8 Kxg8 29. Kg5 Kf7 30. Kxh5 Ra8
31. Kg5 Rg8+ 32. Kh6 Rg2 33. Bc3 Rxc2 34. h5 Rxh2 35. Kg5 Rg2+ 36. Kh6 Re2
0-1

[Event "GABIJ"]
[Site "SchemingMind.com"]
[Date "2022.01.08"]
[Round "-"]
[White "JAHI"]
[Black "Derek Price"]
[Result "0-1"]
[WhiteCountry "INT"]
[BlackCountry "ENG"]
[WhiteElo "2127"]
[WhiteRD "66"]
[BlackElo "2352"]
[BlackRD "69"]
[GameID "719342"]

1. c3 Nf6 2. c4 e5 3. Nc3 Bc5 4. d3 O-O 5. h3 c6 6. g3 d5 7. Bg2 dxc4 8. dxc4 Qe7 9. Bg5 h6 10. Bxf6 Qxf6
11. Nf3 Nd7 12. Kf1 Bb6 13. Qc2 Qe6 14. b3 f5 15. e3 Bc7 16. Re1 Nc5 17. Kg1 Qe7 18. Rh2 a5 19. h4 Be6 20. h5 Rad8
21. Nh4 Rf7 22. Kh1 Qg5 23. Rg1 Rfd7 24. Nf3 Qe7 25. Bh3 Qf6 26. Qc1 f4 27. Bxe6+ Qxe6 28. Qc2 Rd3 29. Ne1 Rd2 30. Qg6 Qxg6
31. hxg6 fxg3 32. fxg3 Rxh2+ 33. Kxh2 Rd6 34. Nf3 Rxg6 35. Rg2 Rd6 36. Rd2 Rg6 37. e4 Rd6 38. Kg2 Rxd2+ 39. Nxd2 Nd3 40. Kf3 Bd6
41. Ke3 Nc5 42. g4 Kf7 43. Nf3 Ke6 44. Nd1 Nd7 45. Ne1 Bc5+ 46. Kf3 Bd4 47. Nd3 b6 48. Ne3 Bxe3 49. Kxe3 Kd6 50. a3 Nc5
51. Nc1 a4 52. b4 Nb3 53. Nd3 b5 54. Nb2 Ke6 55. c5 Nd4 56. Kd2 Kf6 57. Nd3 Nf3+ 58. Ke3 Nh2 59. g5+ hxg5 60. Nc1 g4
61. Nd3 Nf3 62. Kf2 Nd2 63. Kg3 Nc4 64. Kxg4 Nxa3 65. Nc1 Nc2 66. Na2 g6 67. Kh4 g5+ 68. Kh5 a3 69. Kg4 Kg6 70. Kf3 Kh5
71. Kf2 g4 72. Kg3 Kg5 73. Kh2 Kf4 74. Kg2 g3 75. Kg1 Kf3 76. Nc1 Nd4 77. Kh1 Ne2 78. Nxe2 Kxe2 79. Kg2 Ke3 80. Kxg3 a2
81. Kg4 a1=Q 82. Kf5 Qd4 83. Ke6 Kxe4 84. Kf7 Kf5 85. Ke7 Qd5 86. Kf8 Qd7 87. Kg8 Kf6 88. Kh8 Qg7#
0-1

[Event "GABIJ"]
[Site "SchemingMind.com"]
[Date "2022.01.09"]
[Round "-"]
[White "Derek Price"]
[Black "Geoffrey Rosser"]
[Result "1-0"]
[WhiteCountry "ENG"]
[BlackCountry "ENG"]
[WhiteElo "2255"]
[WhiteRD "69"]
[BlackElo "1833"]
[BlackRD "63"]
[GameID "719344"]

1. c4 e5 2. Nc3 Nf6 3. Nf3 Nc6 4. g3 Be7 5. Bg2 O-O 6. O-O d5 7. cxd5 Nxd5 8. Nxe5 Nxc3 9. Nxc6 Nxd1 10. Nxd8 Rxd8
11. Rxd1 c6 12. d4 Bg4 13. h3 Bh5 14. g4 Bg6 15. Be3 Rd7 16. d5 cxd5 17. Rxd5 Rad8 18. Rxd7 Rxd7 19. Bxa7 Rd2 20. b3 Rxe2
21. Bxb7 h5 22. Bf3 Re5 23. Bd4 Ra5 24. a4 hxg4 25. hxg4 Bc2 26. Bc3 Ra6 27. Bd5 Rd6 28. Bc4 Rb6 29. a5 Rc6 30. a6 Be4
31. Re1 Bf3 32. Rxe7 Rh6 33. Re8+ Kh7 34. Bd3+
1-0

[Event "GABIJ"]
[Site "SchemingMind.com"]
[Date "2022.01.08"]
[Round "-"]
[White "Geoffrey Rosser"]
[Black "aperturaf"]
[Result "0-1"]
[WhiteCountry "ENG"]
[BlackCountry "ESP"]
[WhiteElo "1847"]
[WhiteRD "63"]
[BlackElo "2383"]
[BlackRD "83"]
[GameID "719345"]

1. e4 d6 2. d4 Nf6 3. Nc3 g6 4. f4 Bg7 5. Be2 O-O 6. Nf3 c5 7. dxc5 Qa5 8. Bd2 Qxc5 9. Qc1 Ng4 10. Rf1 Bxc3
11. bxc3 Nd7 12. h3 Ngf6 13. Bd3 b6 14. Rb1 Bb7 15. Rb5 Qc7 16. Rb4 Nc5 17. Rf2 Nfxe4 18. Bxe4 Nxe4 19. Re2 Ng3 20. Re3 Nf5
21. Re2 a5 22. Rb2 Ba6 23. Rf2 e5 24. fxe5 dxe5 25. Ng5 h6 26. Ne4 Qc6 27. Nf6+ Qxf6 28. g4 Qc6 29. Rh2 Qf3
0-1

[Event "GABIJ"]
[Site "SchemingMind.com"]
[Date "2022.01.09"]
[Round "-"]
[White "Geoffrey Rosser"]
[Black "Phillip Beckett"]
[Result "1-0"]
[WhiteCountry "ENG"]
[BlackCountry "ENG"]
[WhiteElo "1849"]
[WhiteRD "63"]
[BlackElo "1488"]
[BlackRD "55"]
[GameID "719346"]

1. e4 e5 2. Nf3 Nc6 3. c3 Nf6 4. Bd3 Be7 5. Bc2 d6 6. d4 exd4 7. Nxd4 Bd7 8. O-O Nxd4 9. cxd4 O-O 10. Nc3 Re8
11. e5 dxe5 12. dxe5 Ng4 13. Bf4 Bb4 14. Qd3 g6 15. a3 Bxc3 16. Qxc3 Be6 17. h3 g5 18. Rad1 Qe7 19. Qd3 f5 20. hxg4 gxf4
21. gxf5
1-0

[Event "GABIJ"]
[Site "SchemingMind.com"]
[Date "2022.01.10"]
[Round "-"]
[White "Geoffrey Rosser"]
[Black "ray winteringham"]
[Result "1-0"]
[WhiteCountry "ENG"]
[BlackCountry "ENG"]
[WhiteElo "1849"]
[WhiteRD "63"]
[BlackElo "1457"]
[BlackRD "49"]
[GameID "719347"]

1. e4 c5 2. Nc3 e5 3. f4 Nc6 4. Nf3 exf4 5. Bc4 d6 6. O-O g6 7. d4 cxd4 8. Nxd4 g5 9. Nf5 Bxf5 10. exf5 Bg7
11. Ne4 Nf6 12. Nxd6+ Kf8 13. Nxb7 Qb6+ 14. Kh1 Qxb7 15. Qd6+ Kg8 16. Re1 Rd8 17. Qa3 Qd7 18. c3 Qxf5 19. b4 f3 20. Qb2 fxg2+
21. Qxg2 Rc8 22. Bxg5 Ne7 23. Rxe7 Rxc4 24. Bxf6 Qxf6 25. Re8#
1-0

[Event "GABIJ"]
[Site "SchemingMind.com"]
[Date "2022.01.09"]
[Round "-"]
[White "Geoffrey Rosser"]
[Black "JAHI"]
[Result "0-1"]
[WhiteCountry "ENG"]
[BlackCountry "INT"]
[WhiteElo "1833"]
[WhiteRD "63"]
[BlackElo "2044"]
[BlackRD "69"]
[GameID "719348"]

1. e4 d6 2. Nf3 Bg4 3. d4 Nd7 4. Bc4 e6 5. O-O g6 6. h3 Bxf3 7. Qxf3 Bg7 8. c3 Qe7 9. Na3 a6 10. e5 d5
11. Bb3 Kf8 12. c4 c6 13. cxd5 exd5 14. Nc2 Re8 15. Re1 Qe6 16. Bd2 Ne7 17. Ne3 Kg8 18. g4 h6 19. Ng2 Nf8 20. Nf4 Qd7
21. Re2 h5 22. gxh5 Nf5 23. Bc3 Ne6 24. Nxe6 Rxe6 25. Kh2 Rxh5 26. Rg1 b6 27. Bc2 Re7 28. Rge1 c5 29. dxc5 bxc5 30. Qg4 d4
31. e6 Qd6+ 32. f4 Rh4 33. exf7+ Kh7 34. Qg5 Rxe2+ 35. Rxe2 Rxf4 36. Kg1 dxc3 37. Bxf5 Qd1+
0-1

[Event "GABIJ"]
[Site "SchemingMind.com"]
[Date "2022.01.09"]
[Round "-"]
[White "Xuvmok"]
[Black "Geoffrey Rosser"]
[Result "1-0"]
[WhiteCountry "SWE"]
[BlackCountry "ENG"]
[WhiteElo "2184"]
[WhiteRD "63"]
[BlackElo "1833"]
[BlackRD "63"]
[GameID "719349"]

1. e4 e5 2. f4 Qh4+ 3. g3 Qe7 4. d3 d5 5. Nc3 Nf6 6. fxe5 Qxe5 7. d4 Qe6 8. Bh3 Qc6 9. Bxc8 dxe4 10. Nge2 Bb4
11. O-O Nbd7 12. Bxd7+ Qxd7 13. Bg5 c5 14. Bxf6 gxf6 15. Nxe4 O-O-O 16. a3 Qc6 17. axb4 Qxe4 18. bxc5 Rhe8 19. Rf2 Kb8 20. Nc3 Qxd4
21. Qxd4 Rxd4 22. Rxa7
1-0

[Event "GABIJ"]
[Site "SchemingMind.com"]
[Date "2022.01.09"]
[Round "-"]
[White "Derek Price"]
[Black "aperturaf"]
[Result "1/2-1/2"]
[WhiteCountry "ENG"]
[BlackCountry "ESP"]
[WhiteElo "2352"]
[WhiteRD "69"]
[BlackElo "2314"]
[BlackRD "83"]
[GameID "719351"]

1. c4 e6 2. g3 f5 3. Bg2 Nf6 4. Nc3 Bb4 5. Qc2 O-O 6. Nf3 c5 7. a3 Bxc3 8. Qxc3 b6 9. O-O Bb7 10. b4 d6
11. d4 Nbd7 12. dxc5 bxc5 13. Rd1 Qe7 14. Qd3 Ne4 15. Ng5 Ne5 16. Qb3 Rab8 17. Nxe4 Bxe4 18. Bxe4 fxe4 19. Bf4 Qf6 20. Rf1 Rfd8
21. Rad1 Rbc8 22. Kg2 cxb4 23. Bxe5 Qxe5 24. axb4 h6 25. Ra1 Rc7 26. Ra5 Qd4 27. c5 Qd5 28. Qe3 dxc5 29. Rxc5 Rxc5 30. bxc5 Rc8
31. Ra1=
1/2-1/2

[Event "GABIJ"]
[Site "SchemingMind.com"]
[Date "2022.01.08"]
[Round "-"]
[White "aperturaf"]
[Black "Phillip Beckett"]
[Result "1-0"]
[WhiteCountry "ESP"]
[BlackCountry "ENG"]
[WhiteElo "2390"]
[WhiteRD "86"]
[BlackElo "1430"]
[BlackRD "55"]
[GameID "719352"]

1. e4 e5 2. f4 Qh4+ 3. g3 Qe7 4. Nc3 exf4 5. d4 fxg3 6. hxg3 d5 7. Qe2 dxe4 8. Rh4 Nf6 9. Bg5 h6 10. Bxf6 Qxf6
11. Rxe4+ Be7 12. Nd5
1-0

[Event "GABIJ"]
[Site "SchemingMind.com"]
[Date "2022.01.08"]
[Round "-"]
[White "aperturaf"]
[Black "ray winteringham"]
[Result "1-0"]
[WhiteCountry "ESP"]
[BlackCountry "ENG"]
[WhiteElo "2383"]
[WhiteRD "83"]
[BlackElo "1453"]
[BlackRD "50"]
[GameID "719353"]

1. e4 e5 2. f4 d6 3. d3 Nc6 4. Nf3 Be7 5. Nc3 Bg4 6. Be2 Nf6 7. h3 Bxf3 8. Bxf3 h6 9. g3 O-O 10. Bg2 a6
11. O-O Nh7 12. Nd5 f6 13. Be3 Re8 14. h4 Na7 15. Qh5 c6 16. Bb6 Qb8 17. Nc7 Rf8 18. Bh3 Nb5 19. Qg6 Nxc7 20. Bf5 Ng5
21. fxg5 Nb5 22. gxh6
1-0

[Event "GABIJ"]
[Site "SchemingMind.com"]
[Date "2022.01.08"]
[Round "-"]
[White "aperturaf"]
[Black "JAHI"]
[Result "0-1"]
[WhiteCountry "ESP"]
[BlackCountry "INT"]
[WhiteElo "2205"]
[WhiteRD "85"]
[BlackElo "2171"]
[BlackRD "69"]
[GameID "719354"]

1. e4 d6 2. d4 g6 3. Nc3 Bg7 4. Nf3 Bg4 5. Be3 Nd7 6. Qd2 Bxf3 7. gxf3 h6 8. f4 h5 9. O-O-O Nh6 10. f3 c6
11. Rg1 e6 12. Bh3 Qa5 13. Qd3 Qa6= 14. Qd2 Qa5 15. Qd3 Qa6 16. Qxa6 bxa6 17. f5 Nf8 18. fxe6 fxe6 19. Ne2 d5 20. Nf4 Kf7
21. Nd3 a5 22. Nc5 dxe4 23. fxe4 Ng4 24. Bxg4 hxg4 25. Rxg4 Rxh2 26. e5 Rb8 27. a4 Bh6 28. Bxh6 Rxh6 29. Rf4+ Kg8 30. Rf6 Re8
31. Rdf1 Rh4 32. Nb3 g5 33. Nc5 g4 34. R1f4 Kh7 35. Rf7+ Kg8 36. R7f6 Kh7 37. Rxf8 Rxf8 38. Rxf8 g3 39. Nxe6 g2 40. Rf7+ Kh6
41. Rg7 Rh1+ 42. Kd2 g1=Q 43. Rxg1 Rxg1 44. Nd8 Rg6
0-1

[Event "GABIJ"]
[Site "SchemingMind.com"]
[Date "2022.01.08"]
[Round "-"]
[White "Phillip Beckett"]
[Black "JAHI"]
[Result "0-1"]
[WhiteCountry "ENG"]
[BlackCountry "INT"]
[WhiteElo "1430"]
[WhiteRD "55"]
[BlackElo "2044"]
[BlackRD "69"]
[GameID "719356"]

1. d4 d6 2. e3 g6 3. Bd3 Bg7 4. Nd2 Kf8 5. f4 f6 6. Ngf3 f5 7. O-O Nf6 8. c3 Nc6 9. e4 e6 10. e5 Nd5
11. Ng5 dxe5 12. fxe5 Qxg5 13. Nf3 Qe7 14. Bg5 Qf7 15. Qd2 h6 16. Bf6 Nxf6 17. exf6 Qxf6 18. Rae1 Kg8 19. Ne5 Nxe5 20. Rxe5 Bd7
21. Ree1 Re8 22. Re2 Kh7 23. Rfe1 Rhf8 24. Bc4 Re7 25. Qc2 Rfe8 26. Qb3 e5 27. dxe5 Rxe5 28. Rxe5 Rxe5 29. Rxe5 Qxe5 30. Qd1 Qc5+
31. Kf1 Qxc4+ 32. Kg1 Bc6
0-1

[Event "GABIJ"]
[Site "SchemingMind.com"]
[Date "2022.01.09"]
[Round "-"]
[White "Derek Price"]
[Black "ray winteringham"]
[Result "1-0"]
[WhiteCountry "ENG"]
[BlackCountry "ENG"]
[WhiteElo "2295"]
[WhiteRD "67"]
[BlackElo "1457"]
[BlackRD "49"]
[GameID "719358"]

1. c4 e5 2. Nc3 Nf6 3. Nf3 Bc5 4. Nxe5 d6 5. Nf3 O-O 6. e3 Nc6 7. a3 Bg4 8. h3 Bh5 9. Be2 Bg6 10. O-O d5
11. d4 Be7 12. cxd5 Nxd5 13. Bd2 Nf6 14. Nh4 Nd7 15. Nxg6 fxg6 16. Qb3+ Kh8 17. Qxb7 Na5 18. Qd5 c6 19. Qa2 Nb7 20. b4 Bh4
21. Qc2 Qf6 22. Bf3 Nd6 23. Ne4 Nxe4 24. Qxe4 Rac8 25. Rac1 Rfe8 26. Qc2 g5 27. Bg4 h5 28. Bxd7
1-0

[Event "GABIJ"]
[Site "SchemingMind.com"]
[Date "2022.01.08"]
[Round "-"]
[White "ray winteringham"]
[Black "Phillip Beckett"]
[Result "0-1"]
[WhiteCountry "ENG"]
[BlackCountry "ENG"]
[WhiteElo "1457"]
[WhiteRD "49"]
[BlackElo "1488"]
[BlackRD "55"]
[GameID "719359"]

1. e4 e5 2. Bc4 Nf6 3. d3 Nc6 4. Nf3 Be7 5. Be3 d6 6. Nc3 O-O 7. a3 h6 8. h3 Nh7 9. Qd2 Ng5 10. Nxg5 Bxg5
11. Nd1 Bxe3 12. Qxe3 Nd4 13. c3 Nc6 14. O-O Qg5 15. Qxg5 hxg5 16. g4 Kh7 17. Ne3 f6 18. Nd5 Na5 19. Nxc7 Rb8 20. f3 Nxc4
21. dxc4 b6 22. Nd5 Bb7 23. Rfc1 Bxd5 24. cxd5 Rfc8 25. c4 Rc5 26. b3 Rbc8 27. Ra2 b5 28. Rac2 bxc4 29. Rxc4 Rxc4 30. Rxc4 Rxc4
31. bxc4 Kg6 32. Kf2 Kf7 33. Ke2 Ke7 34. Kd3 Kd7 35. Kc3 Kc7 36. Kb4 Kb6 37. a4 a5+ 38. Kc3 Kc5 39. Kb3 Kd4 40. Kc2 Kxc4
41. Kb2 Kb4 42. Ka2 Kxa4 43. Kb2 Kb4 44. Ka2 Kc4 45. Ka3 Kd4 46. Ka4 Ke3 47. Kxa5 Kxf3 48. Kb5 Kxe4 49. Kc6 Kf4
0-1

[Event "GABIJ"]
[Site "SchemingMind.com"]
[Date "2022.01.08"]
[Round "-"]
[White "ray winteringham"]
[Black "JAHI"]
[Result "0-1"]
[WhiteCountry "ENG"]
[BlackCountry "INT"]
[WhiteElo "1457"]
[WhiteRD "49"]
[BlackElo "2023"]
[BlackRD "68"]
[GameID "719360"]

1. e4 d6 2. Bc4 g6 3. d3 Bg7 4. Qf3 e6 5. c3 b6 6. Be3 Bb7 7. Nh3 Nd7 8. Ng5 Ne5 9. Qf4 h6 10. Nxf7 Nxf7
11. Bxe6 Ne5 12. Kd2 Nf6 13. f3 Nh5 14. Bf7+ Kf8
0-1

[Event "GABIJ"]
[Site "SchemingMind.com"]
[Date "2022.01.09"]
[Round "-"]
[White "Kenny Elliott"]
[Black "Daniel Dubé"]
[Result "0-1"]
[WhiteCountry "USA"]
[BlackCountry "CAN"]
[WhiteElo "1507"]
[WhiteRD "70"]
[BlackElo "1649"]
[BlackRD "56"]
[GameID "719362"]

1. d4 d5 2. c4 e6 3. Nf3 Nf6 4. Bg5 c6 5. cxd5 exd5 6. e3 Bg4 7. Be2 Be7 8. Qb3 Qb6 9. Qxb6 axb6 10. O-O O-O
11. Nc3 Re8 12. Rfe1 Bxf3 13. Bxf3 Nbd7 14. Bxf6 Nxf6 15. a3 Bd6 16. Rac1 b5 17. Ra1 Re6 18. Ra2 Rae8 19. Re2 Nd7 20. Bg4 R6e7
21. Bxd7 Rxd7 22. Re1 b4 23. axb4 Bxb4 24. Ra4 Bxc3 25. bxc3 f5 26. c4 f4 27. c5 fxe3 28. Rxe3 Rxe3 29. fxe3 Kf7 30. Kf2 Kf6
31. Kf3 h5 32. h4 Kf5 33. Rb4 Rf7 34. Kg3 Ke4 35. Kh3 Kxe3 36. g3 Re7 37. Rb3+ Kxd4 38. Rf3 Kxc5 39. Rf5 Kc4 40. Rxh5 d4
41. Rg5 d3 42. Rg4+ Kc3 43. h5 d2 44. h6 d1=Q
0-1

[Event "GABIJ"]
[Site "SchemingMind.com"]
[Date "2022.01.10"]
[Round "-"]
[White "Derek Price"]
[Black "Daniel Dubé"]
[Result "1-0"]
[WhiteCountry "ENG"]
[BlackCountry "CAN"]
[WhiteElo "2255"]
[WhiteRD "69"]
[BlackElo "1629"]
[BlackRD "60"]
[GameID "719363"]

1. c4 e6 2. g3 d5 3. Bg2 c5 4. cxd5 exd5 5. d4 Nf6 6. Nf3 Nc6 7. O-O Be7 8. Nc3 O-O 9. dxc5 Bxc5 10. Bg5 Be6
11. Rc1 h6 12. Bxf6 Qxf6 13. Nxd5 Bxd5 14. Qxd5 Bb6 15. Qb5 Rac8 16. e3 Rfe8 17. Nd2 Re7 18. Nc4 Bd8 19. Rfd1 Rec7 20. Nd6 Ra8
21. Ne8 Qe7 22. Nxc7 Qxc7 23. Bxc6 bxc6 24. Rxc6 Qa5 25. Qb7 Qa4 26. Rdc1
1-0

[Event "GABIJ"]
[Site "SchemingMind.com"]
[Date "2022.01.09"]
[Round "-"]
[White "Daniel Dubé"]
[Black "Geoffrey Rosser"]
[Result "0-1"]
[WhiteCountry "CAN"]
[BlackCountry "ENG"]
[WhiteElo "1604"]
[WhiteRD "57"]
[BlackElo "1849"]
[BlackRD "63"]
[GameID "719364"]

1. d4 Nf6 2. c4 g6 3. Nc3 d5 4. cxd5 Nxd5 5. e4 Nxc3 6. bxc3 Bg7 7. Nf3 O-O 8. Rb1 b6 9. Bd3 Ba6 10. O-O Bxd3
11. Qxd3 Nc6 12. e5 Nxe5 13. Nxe5 Bxe5
0-1

[Event "GABIJ"]
[Site "SchemingMind.com"]
[Date "2022.01.10"]
[Round "-"]
[White "Daniel Dubé"]
[Black "aperturaf"]
[Result "0-1"]
[WhiteCountry "CAN"]
[BlackCountry "ESP"]
[WhiteElo "1649"]
[WhiteRD "56"]
[BlackElo "2383"]
[BlackRD "83"]
[GameID "719365"]

1. d4 d5 2. Nf3 e6 3. g3 Nf6 4. Bg2 Be7 5. O-O O-O 6. c4 dxc4 7. Qc2 a6 8. a4 Bd7 9. Qxc4 Bc6 10. Bf4 Bd6
11. Nc3 Bxf4 12. gxf4 a5 13. Ne5 Bxg2 14. Kxg2 Na6 15. e4 Nh5 16. Kf3 Qh4 17. Ne2 Qh3+ 18. Ng3 Nb4 19. Rg1 f6 20. Ng4 f5
21. Qxe6+ Kh8 22. Ne5 fxe4+ 23. Ke3 Qxe6 24. Nxh5 Qb3+
0-1

[Event "GABIJ"]
[Site "SchemingMind.com"]
[Date "2022.01.10"]
[Round "-"]
[White "Daniel Dubé"]
[Black "Phillip Beckett"]
[Result "1-0"]
[WhiteCountry "CAN"]
[BlackCountry "ENG"]
[WhiteElo "1629"]
[WhiteRD "60"]
[BlackElo "1430"]
[BlackRD "55"]
[GameID "719366"]

1. d4 d5 2. Nf3 Nf6 3. g3 e6 4. Bg2 c6 5. O-O Nbd7 6. c4 Be7 7. Qc2 O-O 8. Bf4 dxc4 9. e4 b5 10. Nbd2 Nh5
11. Be3 Bb7 12. e5 f5 13. Nb1 f4 14. Bc1 fxg3 15. fxg3 c5 16. dxc5 Nxc5 17. Nc3 g6 18. Be3 Ng7 19. Nxb5 a6 20. Nc3 Qd3
21. Qxd3 Nxd3 22. Rab1 Nf5 23. Bg5 Bxg5 24. Nxg5 Ne3 25. Rxf8+ Rxf8 26. Bxb7 Rf2 27. Nxe6 Rg2+ 28. Bxg2
1-0

[Event "GABIJ"]
[Site "SchemingMind.com"]
[Date "2022.01.10"]
[Round "-"]
[White "Daniel Dubé"]
[Black "ray winteringham"]
[Result "0-1"]
[WhiteCountry "CAN"]
[BlackCountry "ENG"]
[WhiteElo "1629"]
[WhiteRD "60"]
[BlackElo "1432"]
[BlackRD "50"]
[GameID "719367"]

1. d4 d5 2. Nf3 Nc6 3. Bf4 h6 4. e3 a6 5. c4 g5 6. Bg3 Bg7 7. cxd5 Na7 8. Bc4 b5 9. Bb3 Nf6 10. a4 O-O
11. O-O Bb7 12. axb5 Nxb5 13. Na3 Nxa3 14. Rxa3 Bxd5 15. Qd3 Be4 16. Qd1 Rc8 17. Rxa6 Rb8 18. Ne5 Qc8 19. Nc6 Qxa6 20. Nxb8 Qb6
21. f3 Bg6 22. e4 Rxb8 23. e5 Qxb3 24. exf6 Qxd1 25. Rxd1 Bxf6
0-1

[Event "GABIJ"]
[Site "SchemingMind.com"]
[Date "2022.01.10"]
[Round "-"]
[White "Daniel Dubé"]
[Black "JAHI"]
[Result "0-1"]
[WhiteCountry "CAN"]
[BlackCountry "INT"]
[WhiteElo "1629"]
[WhiteRD "60"]
[BlackElo "2044"]
[BlackRD "69"]
[GameID "719368"]

1. d4 d6 2. c4 g6 3. Nc3 Bg7 4. e4 Kf8 5. f4 h6 6. e5 h5 7. Nf3 Bg4 8. Be2 Bxf3 9. Bxf3 c6 10. O-O Nh6
11. Be3 e6 12. exd6 Nf5 13. Bf2 Qxd6 14. Ne4 Qxf4 15. d5 exd5 16. cxd5 Kg8 17. Nc5 h4 18. Nxb7 Be5 19. Re1 Qxh2+ 20. Kf1 Nd7
21. dxc6 Nf6 22. Nd8 Bc7 23. Nb7 h3 24. g4 Nxg4 25. Bxg4 Ng3+ 26. Bxg3 Qg2#
0-1

[Event "GABIJ"]
[Site "SchemingMind.com"]
[Date "2022.01.10"]
[Round "-"]
[White "Xuvmok"]
[Black "Daniel Dubé"]
[Result "1-0"]
[WhiteCountry "SWE"]
[BlackCountry "CAN"]
[WhiteElo "2184"]
[WhiteRD "63"]
[BlackElo "1629"]
[BlackRD "60"]
[GameID "719369"]

1. e4 e6 2. d4 d5 3. Nc3 Bb4 4. e5 c5 5. a3 Bxc3+ 6. bxc3 Ne7 7. Qg4 Nbc6 8. Qxg7 Rg8 9. Qxh7 Qc7 10. Rb1 cxd4
11. f4 Bd7 12. Nf3 O-O-O 13. Qd3 dxc3 14. Qxc3 d4 15. Qc4 Nf5 16. g3 Kb8 17. Bd3 Na5 18. Qxc7+ Kxc7 19. Kf2 Bc6 20. Bd2 b6
21. Bxa5 bxa5 22. Bxf5 exf5 23. Rhd1 Rh8 24. h4 Bxf3 25. Kxf3 Kc6 26. Rd3 Kc5 27. Rb7 Rb8 28. Rxa7 Rb2 29. Rxf7 Rc8 30. c3 Rb3
31. cxd4+ Kc4 32. Rxb3 Kxb3 33. d5 Kxa3 34. e6 Rc3+ 35. Kf2 Rc2+ 36. Ke3 Rc3+ 37. Kd4 Rxg3 38. e7
1-0